MARC details
| 001 - CONTROL NUMBER |
| control field |
23803629 |
| 003 - CONTROL NUMBER IDENTIFIER |
| control field |
0000 |
| 005 - DATE AND TIME OF LATEST TRANSACTION |
| control field |
20251016114122.0 |
| 008 - FIXED-LENGTH DATA ELEMENTS--GENERAL INFORMATION |
| fixed length control field |
240729s2025 flu b 001 0 eng |
| 010 ## - LIBRARY OF CONGRESS CONTROL NUMBER |
| LC control number |
2024034543 |
| 020 ## - INTERNATIONAL STANDARD BOOK NUMBER |
| International Standard Book Number |
9781032313801 |
| 035 ## - SYSTEM CONTROL NUMBER |
| System control number |
23803629 |
| 040 ## - CATALOGING SOURCE |
| Original cataloging agency |
DNLM/DLC |
| Language of cataloging |
eng |
| Description conventions |
rda |
| Transcribing agency |
DLC |
| Modifying agency |
DLC |
| 042 ## - AUTHENTICATION CODE |
| Authentication code |
pcc |
| 050 00 - LIBRARY OF CONGRESS CALL NUMBER |
| Classification number |
R8 55.3 |
| 060 00 - NATIONAL LIBRARY OF MEDICINE CALL NUMBER |
| Classification number |
W 26.55.A7 |
| 082 00 - DEWEY DECIMAL CLASSIFICATION NUMBER |
| Classification number |
610.285 |
| Edition number |
23/eng/20241112 |
| 100 ## - MAIN ENTRY--PERSONAL NAME |
| Relator code |
Adetunji Charles Oluwaseaun |
| 245 00 - TITLE STATEMENT |
| Title |
Health technologies and informatics : |
| Remainder of title |
research and developments / |
| Statement of responsibility, etc |
edited by Charles Oluwaseun Adetunji, Segun Fatumo, and Kingsley Nnanna Ukwaja. |
| 250 ## - EDITION STATEMENT |
| Edition statement |
First edition. |
| 263 ## - PROJECTED PUBLICATION DATE |
| Projected publication date |
2501 |
| 264 #1 - PUBLICATION, DISTRIBUTION, ETC. (IMPRINT) |
| Place of publication, distribution, etc |
Boca Raton, FL : |
| Name of publisher, distributor, etc |
CRC Press, |
| Date of publication, distribution, etc |
2025. |
| 300 ## - PHYSICAL DESCRIPTION |
| Extent |
xiv, 193 pages |
| 336 ## - CONTENT TYPE |
| Content type term |
text |
| Content type code |
txt |
| Source |
rdacontent |
| 337 ## - MEDIA TYPE |
| Media type term |
unmediated |
| Media type code |
n |
| Source |
rdamedia |
| 338 ## - CARRIER TYPE |
| Carrier type term |
volume |
| Carrier type code |
nc |
| Source |
rdacarrier |
| 490 ## - SERIES STATEMENT |
| Series statement |
Index |
| 504 ## - BIBLIOGRAPHY, ETC. NOTE |
| Bibliography, etc |
Includes bibliographical references and index. |
| 505 0# - FORMATTED CONTENTS NOTE |
| Formatted contents note |
Relevant application of machine learning in the management of COVID / Tosin Comfort Olayinka, Adebayo Olusola Adetunmbi, Akinola Samson Olayinka, Charles Oluwaseun Adetunji, Onyijen Ojei Harrison, and Okanlawon Taiwo Stephen -- Application of artificial intelligence in the handling of COVID-19 / Igiku Victory, Charles Oluwaseun Adetunji, Akinola Samson Olayinka. Olugbemi T. Olaniyan, Juliana Bunmi Adetunji, Tosin Comfort Olayinka, Aishatu Idris Habib, Olorunsola Adeyomoye, Oluwafemi Adebayo Oyewole, and Eniola K. I. T -- Emerging technologies that are relevant in protecting health data and easy communication between patients and health care providers / Olorunsola Adeyomoye, Charles O. Adetunji, Olugbemi T. Olaniyan, Juliana Bunmi Adetunji, Akinola Samson Olayinka, Oluwafemi Adebayo Oyewole, and Eniola K. I. T. -- Prediction of pandemic and epidemic outbreak / Olugbemi T. Olaniyan, Charles O. Adetunji, and Olorunsola Adeyomoye -- Artificial intelligence and deep learning in treatment of diseases using bioinformatics / Frank Abimbola Ogundolie, Michael O. Okpara, Tolulope Peter Saliu, Charles Oluwaseun Adetunji, and Adedeji Olufemi Adetunji -- Personalized and public health systems / Etta, Hannah Edim -- Application of artificial intelligence in dentistry and orthodontics / Igiku Victory, Charles Oluwaseun Adetunji, Akinola Samson Olayinka, Olugbemi T. Olaniyan, Juliana Bunmi Adetunji, Tosin Comfort Olayinka, Aishatu Idris Habib, Olorunsola Adeyomoye, Oluwafemi Adebayo Oyewole, and Eniola K. I. T. -- Artificial intelligence and deep learning process and drug discovery / Olotu Titilayo and Charles Oluwasun Adetunji -- Clinical trials in health informatics / Ogundolie Frank Abimbola, Ale Oluwabusolami, Akinmoju Olumide Damilola, and Onotu Roseline Ohunene -- Smart care and its advantages on biomedical technologies and health informatics / Nyejirime Young Wike, Charles Oluwaseun Adetunji, Olugbemi T. Olaniyan, Juliana Bunmi Adetunji, Oluwafemi Adebayo Oyewole, and Eniola K. I. T. -- Role of artificial intelligence and machine learning in the identification diagnose and disease conditions and their role in monitoring of health epidemics / Abdulrahmon A. Olagunju -- Recent advances in the personalized medicine and their key role in public health systems / Ogundolie Frank Abimbola, Ale Oluwabusolami, and Akinmoju Olumide Damilola -- IoT-driven and the role of robotic technology in health care / Akinola Samson Olayinka, Tosin Comfort Olayinka, Charles Oluwaseun Adetunji, Clement Atachegbe Onate, Olusanmi Ebenezer Odeyemi, Onyijen Ojei Harrison, Oluwakemi Mary Odeyemi, Oluwafemi Adebayo Oyewole, and Eniola K. I. T. -- The role of 5G in healthcare centres towards the provision of health care / Akinola Samson Olayinka, Onyijen Ojei Harrison, Tosin Comfort Olayinka, Charles Oluwaseun Adetunji, Clement Atachegbe Onate, Olusanmi Ebenezer Odeyemi, Oluwafemi Adebayo Oyewole, and Eniola K. I. T.. |
| 520 ## - SUMMARY, ETC. |
| Summary, etc |
"Health Technologies and Informatics: Research and Developments provides a comprehensive overview of mobile health applications, biodata management and analytics, medical imaging, personalized and public health systems, and biosignal processing. With a focus on medical informatics, which has been identified as a necessity relating to health challenges relevant to the current pandemic, this book highlights engineering applications and methodologies involved in data evaluations. Detailed information is provided on diseases which could be monitored and necessary intervention for the treatment of these diseases or medical conditions. This book is aimed at researchers and graduate students in biomedical and computer engineering"-- |
| Assigning source |
Provided by publisher. |
| 650 12 - SUBJECT ADDED ENTRY--TOPICAL TERM |
| Topical term or geographic name as entry element |
Medical Informatics Applications |
| 650 12 - SUBJECT ADDED ENTRY--TOPICAL TERM |
| Topical term or geographic name as entry element |
Artificial Intelligence |
| 650 22 - SUBJECT ADDED ENTRY--TOPICAL TERM |
| Topical term or geographic name as entry element |
Telemedicine |
| 700 1# - ADDED ENTRY--PERSONAL NAME |
| Personal name |
Adetunji, Charles Oluwaseun, |
| Relator term |
editor. |
| 700 1# - ADDED ENTRY--PERSONAL NAME |
| Personal name |
Fatumo, Segun, |
| Relator term |
editor. |
| 700 1# - ADDED ENTRY--PERSONAL NAME |
| Personal name |
Ukwaja, Kingsley Nnanna, |
| Relator term |
editor. |
| 776 08 - ADDITIONAL PHYSICAL FORM ENTRY |
| Relationship information |
Online version: |
| Title |
Health technologies and informatics |
| Edition |
First edition. |
| Place, publisher, and date of publication |
Boca Raton, FL : CRC Press, 2025 |
| International Standard Book Number |
9781003309468 |
| Record control number |
(DLC) 2024034544 |
| 906 ## - LOCAL DATA ELEMENT F, LDF (RLIN) |
| a |
7 |
| b |
cbc |
| c |
orignew |
| d |
1 |
| e |
ecip |
| f |
20 |
| g |
y-gencatlg |
| 942 ## - ADDED ENTRY ELEMENTS (KOHA) |
| Source of classification or shelving scheme |
Library of Congress Classification |
| Koha item type |
Books |